Manual del director de empresa (Registro nro. 2197)
[ vista simple ]
| 000 -LEADER | |
|---|---|
| fixed length control field | 01279 a2200241 4500 |
| 001 - CONTROL NUMBER | |
| control field | 31580 |
| 005 - DATE AND TIME OF LATEST TRANSACTION | |
| control field | 20260407155620.0 |
| 008 - FIXED-LENGTH DATA ELEMENTS--GENERAL INFORMATION | |
| fixed length control field | 260407a1959 arg spa d |
| 003 - CONTROL NUMBER IDENTIFIER | |
| control field | AR-UNSa-BCEJYS |
| 040 ## - CATALOGING SOURCE | |
| Original cataloging agency | AR-UNSa-BCEJYS |
| Language of cataloging | spa |
| Transcribing agency | AR-UNSa-BCEJYS |
| 080 ## - UNIVERSAL DECIMAL CLASSIFICATION NUMBER | |
| Universal Decimal Classification number | 658 |
| Common auxiliary subdivision | Administración de empresas. Organización comercial |
| 100 1# - MAIN ENTRY--PERSONAL NAME | |
| Personal name | Brown, Stanley M. |
| 245 10 - TITLE STATEMENT | |
| Title | Manual del director de empresa |
| 264 #1 - PRODUCTION, PUBLICATION, DISTRIBUTION, MANUFACTURE, AND COPYRIGHT NOTICE | |
| Place of production, publication, distribution, manufacture | México : |
| Name of producer, publisher, distributor, manufacturer | Unión Tipográfica Editorial Hispano-Americana (UTEHA) |
| Date of production, publication, distribution, manufacture, or copyright notice | 1959 |
| 300 ## - PHYSICAL DESCRIPTION | |
| Extent | lv, 1501 p. |
| Dimensions | 19 cm. |
| 505 ## - FORMATTED CONTENTS NOTE | |
| Formatted contents note | 1. Ventas con éxito por correo directo - 2. Propaganda provechosa - 3. Gerencia de ventas - 4. Gerencia de oficinas - 5. Como escribir cartas comerciales mas efectivas - 6. Protección del comercio por medio de los seguros - 7. Planes de beneficios a los empleados - 8. Contabilidad para el jefe de la empresa - 9. Dinero en efectivo para solventar las necesidades inmediatas - 10. Créditos y cobros - 11. Organización de negocios propiedad individual, sociedades de personas y de capitales - 12. Matemáticas comerciales y métodos abreviados |
| 590 ## - LOCAL NOTE (RLIN) | |
| Local note | niveau_biblio:m niveau_hierar:0 |
| 700 1# - ADDED ENTRY--PERSONAL NAME | |
| Personal name | Doris, Lillian |
| 700 1# - ADDED ENTRY--PERSONAL NAME | |
| Personal name | Friedman, Edith J. |
| 700 1# - ADDED ENTRY--PERSONAL NAME | |
| Personal name | Smyers, John D. |
| 700 1# - ADDED ENTRY--PERSONAL NAME | |
| Personal name | Canfield, Bertrand R. |
| 942 ## - ADDED ENTRY ELEMENTS (KOHA) | |
| Koha item type | |
| Withdrawn status | Lost status | Damaged status | Not for loan | Home library | Current library | Shelving location | Date acquired | Total checkouts | Full call number | Barcode | Date last seen | Price effective from | Koha item type |
|---|---|---|---|---|---|---|---|---|---|---|---|---|---|
| Biblioteca Prof. Eusebio Cleto del Rey | Biblioteca Prof. Eusebio Cleto del Rey | 07/04/2026 | 658 B877 | L24507 | 07/04/2026 | 07/04/2026 | Libro | ||||||
| Biblioteca Prof. Eusebio Cleto del Rey | Biblioteca Prof. Eusebio Cleto del Rey | 07/04/2026 | 658 B877 | L24506 | 07/04/2026 | 07/04/2026 | Libro |